000 00434nam a22001697a 4500
005 20160623094435.0
008 160623b xxu||||| |||| 00| 0 eng d
020 _a81-7808-602-6
041 _aeng
082 _b9054
100 _aWheelen, Thomas L and Himger, J David
_92536
245 _aStrategic Management and Business policy
260 _bPearson Education Delhi
300 _a354
650 _aManagement
_9241
942 _cBK
999 _c3608
_d3607